Creating games with Unity and Maya :how to develop fun and marketable 3D games (Record no. 13129)

000 -LEADER
fixed length control field 01039cam a2200301 a 4500
001 - CONTROL NUMBER
control field 16816971
005 - DATE AND TIME OF LATEST TRANSACTION
control field 20170105102414.0
008 - FIXED-LENGTH DATA ELEMENTS--GENERAL INFORMATION
fixed length control field 110608s2011 maua 001 0 eng
010 ## - LIBRARY OF CONGRESS CONTROL NUMBER
LC control number 2011017562
020 ## - INTERNATIONAL STANDARD BOOK NUMBER
International Standard Book Number 9780240818818
040 ## - CATALOGING SOURCE
Original cataloging agency DLC
Transcribing agency DLC
Modifying agency DLC
042 ## - AUTHENTICATION CODE
Authentication code pcc
050 00 - LIBRARY OF CONGRESS CALL NUMBER
Classification number QA76.76.C672
Item number W322 2011
082 00 - DEWEY DECIMAL CLASSIFICATION NUMBER
Classification number 794.8/1526
Edition number 23
100 1# - MAIN ENTRY--PERSONAL NAME
Personal name Watkins, Adam
Fuller form of name (William Adam)
245 10 - TITLE STATEMENT
Title Creating games with Unity and Maya :how to develop fun and marketable 3D games
Remainder of title how to develop fun and marketable 3D games /
Statement of responsibility, etc. Adam Watkins.
260 ## - PUBLICATION, DISTRIBUTION, ETC.
Place of publication, distribution, etc. Burlington, MA :
Name of publisher, distributor, etc. Focal Press,
Date of publication, distribution, etc. c2011.
300 ## - PHYSICAL DESCRIPTION
Extent xx, 528 p. :
Other physical details ill. (chiefly col.) ;
Dimensions 25 cm.
500 ## - GENERAL NOTE
General note Includes index.
630 00 - SUBJECT ADDED ENTRY--UNIFORM TITLE
Uniform title Unity (Electronic resource)
630 00 - SUBJECT ADDED ENTRY--UNIFORM TITLE
Uniform title Maya (Computer file)
650 #0 - SUBJECT ADDED ENTRY--TOPICAL TERM
Topical term or geographic name entry element Computer games
General subdivision Programming.
650 #0 - SUBJECT ADDED ENTRY--TOPICAL TERM
Topical term or geographic name entry element Video games
General subdivision Design.
650 #0 - SUBJECT ADDED ENTRY--TOPICAL TERM
Topical term or geographic name entry element Three-dimensional display systems.
906 ## - LOCAL DATA ELEMENT F, LDF (RLIN)
a 7
b cbc
c orignew
d 1
e ecip
f 20
g y-gencatlg
942 ## - ADDED ENTRY ELEMENTS (KOHA)
Source of classification or shelving scheme
Koha item type Book
Holdings
Withdrawn status Lost status Damaged status Not for loan Collection code Permanent Location Current Location Shelving location Date acquired Source of acquisition Cost, normal purchase price Total Checkouts Total Renewals Full call number Barcode Date last seen Date last checked out Price effective from Koha item type
          Central Library (CL) Central Library (CL) General Stacks 03/18/2015 Progressive International Agencies 5252.27 4 4 794.81526 WAT SEECS013301 03/27/2025 11/20/2019 03/16/2015 Book
© 2023 Central Library, National University of Sciences and Technology. All Rights Reserved.